• 首页
  • 本馆介绍
  • 公告通知
  • 最新文献
  • 馆藏检索
  • 电子资源
  • 读者导购
  • 参考咨询
  • 我的图书馆
  • 登录
  • 详细信息显示
  • 放入我的书架
  • 预约/预借图书
  • 作者相关作品
  • 分类相关作品
  • 丛书相关作品
  • 出版社相关作品

书目信息

  • 表格格式
  • 工作单格式
  • 卡片格式
题名:
后现代课程观
    
 
作者: 多尔 , Doll 著 ;王红宇 译
分册:  
出版信息: 北京   教育科学出版社  2000
页数: 310页
开本: 24cm
丛书名: 世界课程与教学新理论文库
单 册:
中图分类: G423 , G40-06
科图分类:
主题词: 后现代主义 , 课程 , 后现代主义--课程--教学理论--研究 , 教育学
电子资源:
ISBN: 7-5041-2022-7
000 01322nam2 2200361 45
001 012001004685
005 20070727115011.43
010    @a7-5041-2022-7@dCNY35.00
035    @a(011001)c2001001671
100    @a20010121d2000 emky0chiy0120 ea
101 1  @achi@ceng
102    @aCN@b110000
105    @aa z 000yy
200 1  @a后现代课程观@9hou xian dai ke cheng guan@f(美)小威廉姆 E.多尔(William E.Doll,Jr.)著@g王红宇译
210    @a北京@c教育科学出版社@d2000
215    @a310页@c照片@d24cm
225 2  @a世界课程与教学新理论文库
305    @a台北桂冠图书股份有限公司授权出版
314    @a小威廉姆 E.多尔(William E. Doll,Jr.),美国人,生于波士顿,博士,路易斯安那州立大学课程与教学系的教授,课程理论项目主任,著有《后现代课程观》。
330    @a本书运用宏观综合的视野,描绘了后现代多元而开放的课程设计蓝图,以寻求取代现代性的单向独白式权威教育。
461  0 @12001 @a世界课程与教学新理论文库
510 1  @aA Post-Modern Perspective on Curriculum@zeng
606 0  @a后现代主义
606 0  @a课程
606 0  @a后现代主义@x课程@x教学理论@x研究
606 0  @a教育学
690    @aG423@v4
690    @aG40-06@v3
701  1 @a多尔@9duo er@bW.E.,Jr.@4著
701  1 @aDoll@bWilliam E.,Jr.@4著
702  0 @a王红宇@9wang hong yu@4译
801  0 @aCN@bTSSF@c20070727
905    @a10447@dG40-06@e449
    
    后现代课程观/(美)小威廉姆 E.多尔(William E.Doll,Jr.)著/王红宇译.-北京:教育科学出版社,2000
    310页:照片;24cm.-(世界课程与教学新理论文库)
    
    
    ISBN 7-5041-2022-7:CNY35.00
    本书运用宏观综合的视野,描绘了后现代多元而开放的课程设计蓝图,以寻求取代现代性的单向独白式权威教育。
●
相关链接 在E读中查询图书 在五车中查询图书 在当当中查询图书 在豆瓣中查询图书


正题名:后现代课程观     索取号:G40-06/449         预约/预借

序号 登录号 条形码 馆藏地/架位号 状态 备注
1 0820535   208205351   第一样本阅览室/ [索取号:G40-06/449] 在馆    
2 0820536   208205360   第四借阅区/ [索取号:G40-06/449] 在馆    
3 0820537   208205379   第四借阅区/ [索取号:G40-06/449] 在馆    
4 0820538   208205388   密集书库/ [索取号:G40-06/449] 在馆    
5 0820539   208205397   密集书库/ [索取号:G40-06/449] 在馆    
唐山师范学院图书馆 欢迎您!
大连网信软件有限公司© 版权所有